[Event "39th Reggio Emilia it"]
[Site "Reggio Emilia ITA"]
[Date "1996.12.28"]
[Round "3"]
[White "Efimov, Igor"]
[Black "Komarov, Dimitri"]
[Result "1/2-1/2"]
[WhiteElo "2510"]
[BlackElo "2595"]
[EventDate "1996.12.26"]
[PlyCount "120"]

1.d4 Nf6 2.c4 e6 3.Nc3 Bb4 4.e3 O-O 5.Ne2 d5 6.a3 Be7 7.cxd5 Nxd5 8.Nxd5 
exd5 9.g3 a5 10.Bg2 c6 11.O-O Nd7 12.Qc2 Nf6 13.Bd2 Re8 14.f3 Bf8 15.Rae1 
Qb6 16.Kh1 c5 17.Rc1 cxd4 18.Nxd4 Bd7 19.Rfe1 Rac8 20.Bc3 Qa7 21.Qd2 a4 
22.Bf1 Bc5 23.g4 Re7 24.Bd3 Ne8 25.Qf2 h6 26.Qh4 Rxe3 27.Rxe3 Bxd4 28.Re2 
Bf6 29.Qe1 Bc6 30.Bxf6 Nxf6 31.Re7 Qb6 32.Qb4 Qd8 33.Bf5 d4 34.Bxc8 Qxc8 
35.Kg1 Nd5 36.Qd6 Nxe7 37.Qxe7 Qb8 38.Rd1 Qf4 39.Qd8+ Kh7 40.Qxd4 Qxf3 41.
Qd3+ Qxd3 42.Rxd3 Kg6 43.Kf2 h5 44.Kg3 hxg4 45.Kxg4 Kf6 46.h4 Ke5 47.h5 
f5+ 48.Kh4 f4 49.Rd8 f3 50.Rf8 Bd5 51.Kg3 Ke6 52.Rf4 Bc6 53.Kf2 Ke7 54.Ke3
Ke6 55.Kf2 Ke7 56.Kg3 Ke6 57.Kg4 Ke5 58.Kg5 Be4 59.Kg4 Bc6 60.Kg3 Ke6 
1/2-1/2

[Event "39th Reggio Emilia it"]
[Site "Reggio Emilia ITA"]
[Date "1996.12.29"]
[Round "4"]
[White "Komarov, Dimitri"]
[Black "Tatai, Stefano"]
[Result "1-0"]
[WhiteElo "2595"]
[BlackElo "2375"]
[EventDate "1996.12.26"]
[PlyCount "75"]

1.Nf3 Nf6 2.d4 d5 3.c4 e6 4.Nc3 Nbd7 5.Bg5 Bb4 6.cxd5 exd5 7.Qc2 c5 8.dxc5
Nxc5 9.a3 Bxc3+ 10.Qxc3 Nce4 11.Bxf6 Qxf6 12.Qxf6 Nxf6 13.Rc1 Bd7 14.Nd4 
Ke7 15.f3 Rhc8 16.Rxc8 Rxc8 17.Kd2 h5 18.e3 a6 19.Bd3 g6 20.Re1 Rc7 21.b3 
Rc8 22.Bc2 Kd6 23.b4 Rc7 24.Bb3 Ke7 25.a4 Rc8 26.Ne2 a5 27.bxa5 Ra8 28.Kc3
Rxa5 29.Kb4 Ra8 30.Nc3 Bc6 31.Rd1 Rd8 32.h4 b6 33.Rd4 Ke6 34.e4 Ke5 35.Ne2
Kd6 36.Bxd5 Bxd5 37.Nc3 Kc7 38.exd5 {Schwarz gab auf oder 
Zeit�berschreitung ? Ich wei@�berschreitung es nicht, aber er hat eine 
verlorene Stellung. Die letzte Phase der Partie war ungl�cklich f�r 
Schwarz. Ribli.} 1-0

[Event "39th Reggio Emilia it"]
[Site "Reggio Emilia ITA"]
[Date "1997.01.03"]
[Round "8"]
[White "Belotti, Bruno"]
[Black "Krasenkow, Michał"]
[Result "0-1"]
[WhiteElo "2400"]
[BlackElo "2605"]
[EventDate "1996.12.26"]
[PlyCount "86"]

1.e4 g6 2.d4 Bg7 3.Nc3 c6 4.f4 d5 5.e5 Nh6 6.Nf3 Bg4 7.h3 Bxf3 8.Qxf3 Qb6 
9.Ne2 f6 10.g4 fxe5 11.fxe5 Na6 12.Qb3 Rf8 13.c3 Nc7 14.Nf4 Rf7 15.Qc2 
O-O-O 16.Be2 c5 17.Bd2 Rdf8 18.Rf1 g5 19.e6 Rxf4 20.Bxf4 gxf4 21.dxc5 Qxc5
22.O-O-O f3 23.Bd3 Nxe6 24.Bxh7 Ng5 25.h4 Nxh7 26.Qxh7 Qe3+ 27.Rd2 Rf7 28.
Qg6 Qe4 29.Qh5 e6 30.g5 Qf4 31.Qg6 Re7 32.h5 Ng4 33.h6 Nxh6 34.gxh6 Bxh6 
35.Rf2 Qh4 36.Kc2 Bxd2 37.Rxf3 Qh2 38.Rf8+ Kd7 39.Ra8 Be3+ 40.Kb3 Bc1 41.
Qb1 Qd2 42.Rxa7 Kc7 43.Ra4 e5 0-1